| 000 | 00000nem##2200000za#4500 |
| 001 | 9.648122 |
| 003 | CaOODSP |
| 005 | 20210615112938 |
| 007 | aj |a||| |
| 008 | 150407|2001||||xxc|||| a##f | eng|d |
| 020 | |a0-662-30218-4 |
| 040 | |aCaOODSP|beng |
| 043 | |an-cn--- |
| 086 | 1 |aD82-60/2001E |
| 110 | 1 |aCanada.|bEmergency Preparedness Canada. |
| 245 | 10|aNatural hazards of Canada : |h[cartographic material]|ba historical mapping of significant natural disasters |
| 260 | |aOttawa - Ontario : |bEmergency Preparedness Canada |c2001. |
| 590 | |a01-18|b2001-05-04 |
| 690 | 07|aFloods|2gcpds |
| 690 | 07|aEarthquakes|2gcpds |
| 690 | 07|aStorms|2gcpds |
| 690 | 07|aLandslides|2gcpds |
| 775 | 08|tLes catastrophes naturelles du Canada : |w(CaOODSP)9.681473 |
| 776 | 0#|tNatural hazards of Canada : |w(CaOODSP)9.694989 |